|
|
|
|
| LEADER |
00000nam1a2200000 4500 |
| 001 |
187315 |
| 005 |
20231101224044.0 |
| 010 |
|
|
|a 9785382011349
|
| 020 |
|
|
|a RU
|b 89-21196
|
| 035 |
|
|
|a (RuTPU)RU\TPU\book\203254
|
| 035 |
|
|
|a RU\TPU\book\140148
|
| 090 |
|
|
|a 187315
|
| 100 |
|
|
|a 20101115d2010 km y0rusy5003 ca
|
| 101 |
0 |
|
|a rus
|
| 102 |
|
|
|a RU
|
| 200 |
1 |
|
|a Механика контактного разрушения
|f Ю. В. Колесников, Е. М. Морозов
|
| 205 |
|
|
|a 3-е изд.
|
| 210 |
|
|
|a Москва
|c URSS
|d 2010
|
| 215 |
|
|
|a 220 с.
|c ил.
|
| 320 |
|
|
|a Библиогр.: с. 183-219.
|
| 330 |
|
|
|a В настоящей книге изложены современные представления о механике разрушения контактирующих тел и методы ее практического использования. Даны основные результаты решений контактной задачи теории упругости и пластичности, морфологии поверхностных трещин и условий их возникновения, закономерности распространения возникших трещин и разрушения исходной поверхности тела. Большое внимание уделено результатам соответствующих экспериментов и их согласованию с расчетом. Книга предназначена для научных и инженерно-технических работников, занимающихся вопросами механики разрушения, контактных взаимодействий и трибологией, а также для аспирантов и студентов старших курсов по специальностям «физика прочности», «механика деформируемого твердого тела», «динамика и прочность машин», «трение и износ в машинах (триботехника)».
|
| 606 |
1 |
|
|a Механика разрушения
|2 stltpush
|3 (RuTPU)RU\TPU\subj\66126
|9 82355
|
| 610 |
1 |
|
|a контактное разрушение
|
| 610 |
1 |
|
|a упругость
|
| 610 |
1 |
|
|a трещины
|
| 610 |
1 |
|
|a напряжения
|
| 610 |
1 |
|
|a физика
|
| 610 |
1 |
|
|a механика деформируемых тел
|
| 610 |
1 |
|
|a триботехника
|
| 610 |
1 |
|
|a прочность
|
| 675 |
|
|
|a 539.4
|v 3
|
| 700 |
|
1 |
|a Колесников
|b Ю. В.
|g Юрий Васильевич
|4 070
|
| 701 |
|
1 |
|a Морозов
|b Е. М.
|g Евгений Михайлович
|4 070
|
| 801 |
|
0 |
|a RU
|b 63413507
|c 19950417
|g psbo
|
| 801 |
|
1 |
|a RU
|b 63413507
|c 20080124
|g PSBO
|
| 801 |
|
2 |
|a RU
|b 63413507
|c 20140416
|g PSBO
|
| 942 |
|
|
|c BK
|